Musical renderings of the philippine nation / (Record no. 362673)
[ view plain ]
| 000 -LEADER | |
|---|---|
| fixed length control field | 00409nam a2200133Ia 4500 |
| 008 - FIXED-LENGTH DATA ELEMENTS--GENERAL INFORMATION | |
| fixed length control field | 191111s9999 xx 000 0 und d |
| 020 ## - INTERNATIONAL STANDARD BOOK NUMBER | |
| International Standard Book Number | 9780199746408 |
| 100 ## - MAIN ENTRY--PERSONAL NAME | |
| Personal name | Castro, Christi-Anne. |
| 245 ## - TITLE STATEMENT | |
| Statement of responsibility, etc | Christi-Anne Castro.-- |
| Title | Musical renderings of the philippine nation / |
| 260 ## - PUBLICATION, DISTRIBUTION, ETC. (IMPRINT) | |
| Place of publication, distribution, etc | USA : |
| Name of publisher, distributor, etc | Oxford University Press |
| Date of publication, distribution, etc | 2011 |
| 300 ## - PHYSICAL DESCRIPTION | |
| Extent | 234 pages. |
| 650 ## - SUBJECT ADDED ENTRY--TOPICAL TERM | |
| Topical term or geographic name as entry element | Nationalism in music |
| 650 ## - SUBJECT ADDED ENTRY--TOPICAL TERM | |
| Topical term or geographic name as entry element | Philippines |
| Withdrawn status | Lost status | Source of classification or shelving scheme | Damaged status | Home library | Current library | Shelving location | Date acquired | Source of acquisition | Total Checkouts | Full call number | Barcode | Date last seen | Price effective from | Koha item type |
|---|---|---|---|---|---|---|---|---|---|---|---|---|---|---|
| Library of Congress Classification | College Library | College Library | General Circulation Section | 11/11/2019 | Library Fund | ML 3917.P55 .C355 2011 | C22027 | 11/11/2019 | 11/11/2019 | Books |